Brawl Stars: Ruffs Skins by Picture - Statistics

General Stats
  • This quiz has been taken 32 times
    8 since last reset
  • The average score is 7 of 9
Answer Stats
Picture Answer % Correct
Sous Chef Ruffs
100%
True Gold Ruffs
100%
True Silver Ruffs
100%
Ruffesses II
83%
Marshal Ruffs
67%
Ronin Ruffs
67%
Ruffs Chimmy
67%
Seadog Ruffs
67%
Teen Ruffs
67%
No matching quizzes found
Score Distribution
Percent of People with Each Score
Percentile by Number Answered
Your Score History
You have not taken this quiz since the last reset